Shakespeare's Historical Characters Quiz Stats

 Plays Quiz Updated Nov 19, 2017

Challenge
Share
Tweet
Embed
Score 0/30 Timer 05:00
0 Plays Today
% Correct
Henry V
96.4%
Henry IV
95.9%
Cleopatra
95.8%
Julius Caesar
95.5%
Henry VI
95.4%
Henry VIII
95.4%
Richard III
93.7%
Mark Antony
93.5%
Richard II
92.7%
King John
90.6%
Octavius Caesar
87.8%
Queen Katherine of Aragon
86.8%
Thomas Cromwell
86.2%
Charles VI
85.2%
Charles VII
84.4%
% Correct
The Duchess of York
84%
Sir Thomas Grey
75.8%
Queen Isabel
75.1%
Lady Anne
74.3%
Thomas Cranmer
66.2%
Caius Martius Coriolanus
65.5%
The Bishop of Ely
63.4%
Sextus Pompeius
59.9%
The Bastard of Orleans
58.4%
Sir James Blunt
53.6%
Timon of Athens
53.4%
Joan la Pucelle
44%
King Cymbeline
35%
Rutland
28%
Willoughby
21.5%

You're not logged in!

Compare scores with friends on all Sporcle quizzes.
OR
Log In

You Might Also Like...

Show Comments

Extras

Top Quizzes Today


Score Distribution

Your Account Isn't Verified!

In order to create a playlist on Sporcle, you need to verify the email address you used during registration. Go to your Sporcle Settings to finish the process.

Report this User

Report this user for behavior that violates our Community Guidelines.

Details: